[Event "Ekaterinburg UrFO-ch"]
[Site "Ekaterinburg"]
[Date "2008.03.20"]
[Round "6"]
[White "Gusjkov, Yuri P"]
[Black "Rassokhina, Ekaterina"]
[Result "0-1"]
[WhiteElo "2308"]
[BlackElo "2032"]
[PlyCount "88"]
[EventDate "2008.03.15"]
[EventType "swiss"]
[EventRounds "9"]
[EventCountry "RUS"]
[SourceTitle "EXT 2009"]
[Source "ChessBase"]
[SourceDate "2008.11.26"]
[SourceVersion "1"]
[SourceVersionDate "2008.11.26"]
[SourceQuality "1"]

1. e4 c5 2. Nf3 Nc6 3. d4 cxd4 4. Nxd4 g6 5. c4 Bg7 6. Nc2 Nf6 7. Nc3 d6 8. Be2 0-0 9. 0-0 Be6 10. Rb1 Na5 11. b3 Rc8 12. Nd4 Nc6 13. Be3 Qa5 14. Rc1 Ng4 15. Nd5 Nxe3 16. fxe3 Bxd5 17. exd5 Nxd4 18. exd4 Qb6 19. Rf3 Qxd4+ 20. Qxd4 Bxd4+ 21. Kf1 e5 22. dxe6 fxe6 23. Rd1 Be5 24. g3 Rxf3+ 25. Bxf3 b5 26. cxb5 Rc2 27. a4 Rxh2 28. Bg2 Bxg3 29. Rc1 Rh4 30. Rc8+ Kg7 31. Rc7+ Kf6 32. Ke2 Rf4 33. Bf3 h5 34. Rxa7 Rb4 35. Ra6 Rxb3 36. b6 d5 37. a5 h4 38. Ra7 Rb5 39. Bg2 Rb2+ 40. Kf1 Rf2+ 41. Kg1 Rb2 42. Rh7 Ra2 43. Bf1 Rxa5 44. b7 Ra4 0-1

[Event "Ekaterinburg UrFO-ch"]
[Site "Ekaterinburg"]
[Date "2008.03.18"]
[Round "4"]
[White "Gusjkov, Yuri P"]
[Black "Sergeev, Veniamin"]
[Result "0-1"]
[WhiteElo "2308"]
[BlackElo "2393"]
[PlyCount "58"]
[EventDate "2008.03.15"]
[EventType "swiss"]
[EventRounds "9"]
[EventCountry "RUS"]
[SourceTitle "EXT 2009"]
[Source "ChessBase"]
[SourceDate "2008.11.26"]
[SourceVersion "1"]
[SourceVersionDate "2008.11.26"]
[SourceQuality "1"]

1. e4 c5 2. Nf3 Nc6 3. d4 cxd4 4. Nxd4 Nf6 5. Nc3 d6 6. Bg5 e6 7. Qd2 a6 8. 0-0-0 h6 9. Bf4 Bd7 10. Qe1 Nxd4 11. Rxd4 e5 12. Rd1 exf4 13. e5 dxe5 14. Qxe5+ Be7 15. Bd3 Qb8 16. Qe2 Be6 17. f3 0-0 18. g4 Bc5 19. h4 Be3+ 20. Kb1 Qe5 21. Qg2 Nd5 22. Nxd5 Bxd5 23. g5 h5 24. g6 Rad8 25. Rde1 Qf6 26. Re2 Rd6 27. Qf1 fxg6 28. Rg2 Rb6 29. c4 Bf7 0-1

[Event "Pardubice op-A"]
[Site "Pardubice"]
[Date "2006.07.21"]
[Round "1"]
[White "Gajewski, Grzegorz"]
[Black "Gusjkov, Yuri P"]
[Result "1-0"]
[WhiteElo "2504"]
[BlackElo "2292"]
[PlyCount "85"]
[EventDate "2006.07.21"]
[EventType "swiss"]
[EventRounds "9"]
[EventCountry "CZE"]
[SourceTitle "CBM 113 Extra"]
[Source "ChessBase"]
[SourceDate "2006.09.14"]
[SourceVersion "1"]
[SourceVersionDate "2006.09.14"]
[SourceQuality "1"]

1. Nf3 d5 2. g3 c6 3. Bg2 Nf6 4. 0-0 Bg4 5. b3 Qc8 6. d3 Bh3 7. Bb2 Bxg2 8. Kxg2 Nbd7 9. Nbd2 e6 10. c4 Be7 11. Rc1 Qd8 12. Qc2 0-0 13. cxd5 cxd5 14. Qc7 Rb8 15. Ne5 Nb6 16. Qc3 Qd6 17. a3 Rbc8 18. Qd4 Rxc1 19. Rxc1 Rc8 20. Rxc8+ Nxc8 21. Ndf3 Qc5 22. Ng5 Qxd4 23. Bxd4 Nd6 24. Bc5 h6 25. Bxd6 Bxd6 26. Ngxf7 Bxa3 27. Nd8 Bb2 28. f4 Bxe5 29. fxe5 Nd7 30. d4 b5 31. Nxe6 b4 32. Nc7 Nb6 33. Na6 Nc4 34. Nxb4 Nd2 35. Nxd5 Nxb3 36. e3 a5 37. Nc3 Nd2 38. Kf2 Kf7 39. Ke2 Nc4 40. Na4 Ke7 41. Kd3 Na3 42. Nc3 g6 43. d5 1-0